Hướng dẫn chẩn đoán và điều trị các bệnh da liễu : Ban hành tài liệu "Hướng dẫn chẩn đoán và điều trị các bệnh da liễu"

Nội dung tài liệu bao gồm 11 chương và 65 bài hướng dẫn chẩn đoán và điều trị các bệnh Da liễu. Trong đó, tập trung vào hướng dẫn thực hành chẩn đoán và điều trị, vì vậy sẽ rất hữu ích cho các thầy thuốc đa khoa, chuyên khoa trong thực...

ver descrição completa

Na minha lista:
Detalhes bibliográficos
Autor principal: Nguyễn Thị Xuyên (Chủ biên)
Outros Autores: Trần Hậu Khang (Chủ biên), Lương Ngọc Khuê (Chủ biên)
Formato: Livro
Idioma:Vietnamese
Publicado em: H. Y học 2020
Assuntos:
Tags: Adicionar Tag
Sem tags, seja o primeiro a adicionar uma tag!
Thư viện lưu trữ: Thư viện Trường Đại học Nam Cần Thơ
LEADER 01661nam a22002417a 4500
001 NCT_111916
008 190215b xxu||||| |||| 00| 0 vie d
999 |c 5688  |d 5688 
020 |a 9786049127434  |c 230000 
082 0 4 |2 23rd ed.  |a 616.5075  |b X527 
100 1 |a Nguyễn Thị Xuyên  |e Chủ biên 
245 1 0 |a Hướng dẫn chẩn đoán và điều trị các bệnh da liễu :  |b Ban hành tài liệu "Hướng dẫn chẩn đoán và điều trị các bệnh da liễu"  |c Nguyễn Thị Xuyên, Trần Hậu Khang, Lương Ngọc Khuê (Chủ biên)  
260 |a H.  |b Y học  |c 2020 
300 |a 329tr.  |c 27cm 
500 |a ĐTTS ghi: Bộ Y tế 
520 3 |a Nội dung tài liệu bao gồm 11 chương và 65 bài hướng dẫn chẩn đoán và điều trị các bệnh Da liễu. Trong đó, tập trung vào hướng dẫn thực hành chẩn đoán và điều trị, vì vậy sẽ rất hữu ích cho các thầy thuốc đa khoa, chuyên khoa trong thực hành lâm sàng hàng ngày. 
653 |a Y Đa khoa 
700 1 |a Trần Hậu Khang  |e Chủ biên 
700 1 |a Lương Ngọc Khuê   |e Chủ biên 
942 |2 ddc  |c BK 
952 |0 0  |1 0  |2 ddc  |4 0  |6 616_507500000000000_X527  |7 0  |9 23191  |a 000001  |b 000001  |d 2022-04-16  |l 1  |o 616.5075 X527  |p MD.19356  |r 2022-05-12  |s 2022-05-06  |v 230000.00  |w 2022-04-16  |y BK 
952 |0 0  |1 0  |2 ddc  |4 0  |6 616_507500000000000_X527  |7 0  |9 23192  |a 000001  |b 000001  |d 2022-04-16  |o 616.5075 X527  |p MD.19357  |r 2022-04-16  |v 230000.00  |w 2022-04-16  |y BK 
980 |a Thư viện Trường Đại học Nam Cần Thơ